80 Most Famous Cities in Indonesia on a Map - Statistics

General Stats
  • This quiz has been taken 193 times
    170 since last reset
  • The average score is 47 of 84
Answers on the Map
Answers color-coded by a green-red scale on the quiz's map according to % correct below.
 
Answer Stats
Wiki Monthly Views Cityquiz Mention Rate Population Answers % Correct
251.70K 65.85% 9586.70K Jakarta
98%
48.74K 15.57% 2394.87K Bandung
97%
55.40K 17.80% 2765.49K Surabaya
97%
37.15K 15.38% 2097.61K Medan
96%
25.94K 10.28% 788.59K Denpasar
95%
31.82K 12.20% 1331.39K Makassar
95%
38.01K 7.93% 388.63K Yogyakarta
92%
28.43K 12.10% 1440.68K Palembang
91%
27.88K 5.00% 918.00K Batam
86%
28.06K 7.11% 1520.48K Semarang
86%
12.45K 3.21% 873.01K Bandar Lampung
83%
18.57K 5.34% 799.75K Padang
83%
24.03K 3.37% 499.34K Surakarta
82%
18.28K 4.56% 2334.87K Bekasi
81%
16.83K 6.10% 223.45K Banda Aceh
80%
21.92K 3.52% 820.24K Malang
78%
18.15K 4.69% 1798.60K Tangerang
78%
11.87K 2.31% 296.39K Cirebon
76%
16.76K 3.09% 882.04K Pekanbaru
76%
13.67K 3.78% 1738.57K Depok
75%
21.13K 3.61% 950.33K Bogor
74%
15.29K 5.34% 233.86K Jayapura
74%
12.41K 2.88% 305.98K Ambon
72%
18.28K 4.33% 554.76K Pontianak
70%
16.91K 3.00% 515.90K Jambi
69%
13.79K 2.82% 685.86K Samarinda
65%
6.51K 2.02% 428.48K Serang
63%
13.51K 3.06% 612.85K Banjarmasin
62%
15.34K 2.04% 173.95K Gorontalo
62%
18.64K 3.76% 394.68K Manado
62%
17.88K 6.22% 526.51K Balikpapan
60%
12.15K 2.88% 315.77K Kupang
60%
10.62K 2.77% 1290.32K South Tangerang
60%
12.34K 3.33% 310.17K Palu
55%
7.17K 2.61% 118.02K Sorong
55%
26.79K - - Nusantara
54%
8.86K 2.64% 158.42K Ternate
54%
13.19K 1.98% 296.38K Bengkulu
51%
8.55K 1.86% 402.84K Mataram
51%
9.38K - 245.62K Karawang
50%
9.02K 1.20% 268.51K Kediri
50%
8.09K 1.40% 578.05K Tasikmalaya
49%
5.88K - 360.12K Cilegon
48%
6.27K 0.82% 541.18K Cimahi
48%
9.24K 1.21% 106.00K Banyuwangi
47%
6.84K 1.71% 264.67K Kendari
47%
5.16K 0.90% 19.05K Sabang
46%
7.72K 0.62% 19.02K Jember
45%
6.81K 0.76% 170.96K Madiun
45%
8.99K 1.72% 200.61K Palangka Raya
45%
7.37K 0.49% 162.93K Pangkalpinang
45%
7.33K - 17.32K Cilacap
44%
9.06K 0.99% 177.40K Tanjungpinang
44%
8.87K 1.02% 298.68K Sukabumi
43%
7.99K 1.01% 170.95K Batu
42%
8.61K 1.08% 111.31K Bukittinggi
42%
6.39K - 79.51K Jepara
42%
6.82K 0.88% 118.23K Magelang
42%
7.35K 0.69% 274.84K Pekalongan
42%
8.53K 0.95% 233.95K Purwokerto
42%
7.54K 0.69% 170.33K Salatiga
41%
6.20K 1.21% 239.60K Tegal
41%
7.86K 0.60% 193.47K Sidoarjo
40%
4.41K 1.22% 112.13K Bima
38%
4.79K 0.65% 235.45K Binjai
38%
6.64K - 150.06K Cianjur
38%
7.11K - 117.73K Garut/South Tarogong
38%
7.03K 0.36% 96.18K Indramayu
38%
5.36K 0.61% 165.45K Purwakarta
38%
9.08K 1.07% 128.30K Singkawang
38%
5.43K 0.60% 131.97K Blitar
37%
9.60K - 12.50K Ranai/Natuna
37%
36.14K 0.69% 2.00K Komodo
36%
7.84K 1.24% 178.85K Tarakan
36%
6.98K 1.03% 173.87K Dumai
35%
6.76K 0.60% 234.70K Pematangsiantar
34%
6.56K 0.43% 2.57K Tulungagung
34%
6.51K 0.24% 11.35K Majalengka
33%
13.73K 0.24% 137.23K Jombang
32%
13.21K 1.27% 10.87K Ubud
29%
7.14K 0.23% 71.21K Cikarang
28%
7.81K 0.20% 326.52K Cibinong
25%
8.56K 0.30% 5.77K Labuan Bajo
21%
7.19K 0.17% 91.25K Soreang
21%
No matching quizzes found
Score Distribution
Percent of People with Each Score
Percentile by Number Answered
Your Score History
You have not taken this quiz since the last reset